<?xml version="1.0" encoding="UTF-8"?><?xml-stylesheet type="text/xsl" href="static/style.xsl"?><OAI-PMH xmlns="http://www.openarchives.org/OAI/2.0/" xmlns:xsi="http://www.w3.org/2001/XMLSchema-instance" xsi:schemaLocation="http://www.openarchives.org/OAI/2.0/ http://www.openarchives.org/OAI/2.0/OAI-PMH.xsd"><responseDate>2026-06-02T21:42:38Z</responseDate><request verb="GetRecord" identifier="oai:riuma.uma.es:10630/9722" metadataPrefix="marc">https://riuma.uma.es/rest/oai/request</request><GetRecord><record><header><identifier>oai:riuma.uma.es:10630/9722</identifier><datestamp>2026-02-03T12:12:38Z</datestamp><setSpec>com_10630_2254</setSpec><setSpec>col_10630_37959</setSpec></header><metadata><record xmlns="http://www.loc.gov/MARC21/slim" xmlns:dcterms="http://purl.org/dc/terms/" xmlns:doc="http://www.lyncode.com/xoai" xmlns:xsi="http://www.w3.org/2001/XMLSchema-instance" xsi:schemaLocation="http://www.loc.gov/MARC21/slim http://www.loc.gov/standards/marcxml/schema/MARC21slim.xsd">
   <leader>00925njm 22002777a 4500</leader>
   <datafield ind2=" " ind1=" " tag="042">
      <subfield code="a">dc</subfield>
   </datafield>
   <datafield ind2=" " ind1=" " tag="720">
      <subfield code="a">Martínez de Pisón, Eduardo</subfield>
      <subfield code="e">author</subfield>
   </datafield>
   <datafield ind2=" " ind1=" " tag="260">
      <subfield code="c">2015-05-04</subfield>
   </datafield>
   <datafield ind2=" " ind1=" " tag="520">
      <subfield code="a">Eduardo Martínez de Pisón se centra en la faceta geográfica de Julio Verne a través de un libro suyo titulado la “Tierra de Jules Verne. Geografía y aventura”, en donde se realiza una introducción a la obra geográfica del escritor. Para ello, el autor analiza la producción literaria de Verne buscando elementos geográficos en los pasajes de ficción y se estudia en relación a la abundante e influyente base geográfica de sus relatos. También se analiza el valor manifiestamente pedagógico de la obra de Verne, resaltando el que se convirtiera en la «geografía» más leída de todo el mundo. Una geografía que en su época estaba aún haciéndose a golpe de exploración. La conferencia se complementará con una abundante recopilación de imágenes que ilustrarán los textos analizados.</subfield>
   </datafield>
   <datafield ind1="8" ind2=" " tag="024">
      <subfield code="a">http://hdl.handle.net/10630/9722</subfield>
   </datafield>
   <datafield tag="653" ind2=" " ind1=" ">
      <subfield code="a">Verne, Jules - Crítica e interpretación</subfield>
   </datafield>
   <datafield ind2="0" ind1="0" tag="245">
      <subfield code="a">Planeta Verne. La vuelta al mundo en ochenta libros</subfield>
   </datafield>
</record>
</metadata></record></GetRecord></OAI-PMH>